El gran libro de la patagonia /

Guardado en:
Autor Principal: Godoy Manríquez, Carlos Jorge
Formato: Libro
Publicado: Buenos Aires : Planeta, 1997
Materias:
Etiquetas: Agregar Etiqueta
Sin Etiquetas, Sea el primero en etiquetar este registro!
LEADER 02482nam a22002175a 4500
001 CEM.cems009551
008 130507s1997##################000#0#####d
005 20241220103338.0
245 1 0 |a El gran libro de la patagonia /  |c Director Carlos Jorge Godoy Manríquez 
260 |a Buenos Aires :  |b Planeta,  |c 1997 
300 |a 843 p. 
505 0 |a Historia: Pueblos originarios -- El poblamiento indígena de la Patagonia Sur -- Conquistadores, esclavistas y misioneros -- Las primeras fundaciones y explotaciones de la patagonia norte -- Conquistadores, exploradores y fundadores coloniales en la patagonia norte -- La frontera patagónica en el siglo XIX -- La patagonia sur en el siglo XIX -- La conquista militar -- Misiones itinerantes y reducciones en la patagonia sur -- El poblamiento después de la ocupación militar -- Localidades de Río Negro -- Localidades de Neuquén -- Localidades de Santa Cruz -- El poblamiento de Tierra del Fuego -- Localidades de Tierra del Fuego -- Evolución de la población en la patagonia norte -- Evolución de la población en la patagonia sur -- La evolución político-institucional -- Evolución de las actividades económicas -- Biografías -- Geografía: Los límites de la patagonia -- Tipos de climas de la patagonia -- Características climaticas de cada provincia -- Breve historia geológica de la patagonia -- La geomorfología de la patagonia -- Principales agentes de erosión -- Geomorfología de las provincias patagónicas -- Los suelos en la región patagónica -- Cuencas hidrográficas -- Características hidrográficas de las provincias patagónicas -- La población de la patagonia -- Aspectos sociales -- Las actividades económicas -- Turismo -- Parques Nacionales Patagónicos -- Medio ambiente -- Las consecuencias ambientales de la conquista española -- La colonia y su influencia en la patagonia -- La nueva economía ganadera indígena -- La explotación de los recursos marinos -- La ganadería y la sociedad criolla -- El intercambio comercial y los recursos naturales -- El medio ambiente en la patagonia -- Contaminación -- Ambiente y petróleo -- Flora patagónica -- Fauna patagónica 
020 |a 9504900151 
100 1 |a Godoy Manríquez, Carlos Jorge 
082 0 4 |a 918.27 
653 |a Patagonia 
653 |a Patagonia-geografía 
653 |a Patagonia-historia 
653 |a Patagonia-medio ambiente 
653 |a Patagonia-turismo 
859 |a CEMS  |b BIB. CEMS - 11 de abril  |h 918.27  |i G548  |p 29650.23  |t Ej.1  |v II  |3 II